| 000 | 02091nam a2200325 i 4500 | ||
|---|---|---|---|
| 001 | 000047525 | ||
| 003 | DO-SdBNP | ||
| 005 | 20250529120233.0 | ||
| 007 | ta | ||
| 008 | 180620s2008 dr 000 0 spa d | ||
| 020 | _a9945130553 | ||
| 040 |
_aDO-SdBNP _bspa _cBNPHU |
||
| 082 | 4 |
_a305.7293 _bR696M _222 |
|
| 100 | 1 |
_aRodríguez Gautreau _975138 |
|
| 245 | 1 | 0 |
_aMemorias de una época : _bla sociedad dominicana del siglo XIX, vista a través de sus grupos sociales / _cFabio A. Rodríguez Gautreau. |
| 264 |
_aSanto Domingo : _bMediabyte, _c2008. |
||
| 300 |
_a248 páginas ; _c22 cm. |
||
| 336 |
_atexto _btxt _2rdacontent |
||
| 337 |
_2sin mediación _an _brdamedia |
||
| 338 |
_avolumen _bnc _2rdacarrier |
||
| 505 |
_aPrólogo -- _tIntroducción -- _tClases sociales dominicanas en el siglo XIX -- _tFamilia Delgado Sánchez Prieto -- _tFamilia Delgado Tejada -- _tCotidianidad en el hogar -- _tDía de San Pedro y San Pablo -- _tReconocimiento de la Reina de España a la labor científica y humanitaria del Dr. Don Pedro Delgado -- _tFamilia Delgado Pommayrac -- _tVecindario y amistades -- _tEl carnaval del año 1859 -- _tFamilia Gautreau Delgado -- _tFricción y consecuencias -- _tDe nuevo en Santo Domingo -- _tPeripecias y astucias de Don Pedro -- _tIntercesión -- _tVida y obra del Dr. Alberto Gautreau Delgado -- _tFamilia Bilini Hernández -- _tFamilia Rodríguez -- _tGrupo Social Grandes propietarios del Este del país -- _tFamilia Alfau -- _tToma del Guaba -- _tFamilias de Rivera-Soto y Febles Vallenilla-- _tHato del Prado -- _tFamilia Santana Familias -- _tDesgracia y muerte de Santana -- _tDedicatorias -- _tAgradecimientos |
||
| 590 | _aInventariado, 2018/VM | ||
| 650 | 0 |
_aClases sociales _zRepública Dominicana _xHsitoria _ySiglo XIX _91062 |
|
| 650 | 4 |
_aGrupos sociales _zRepública Dominicana _xHistoria _ySiglo XIX _987905 |
|
| 651 | 4 |
_aRepública Dominicana _xGenealogía _975139 |
|
| 651 | 4 |
_aRepública Dominicana _vBiografías _91083 |
|
| 651 | 4 |
_aRepública Dominicana _aCondiciones sociales _ySiglo XIX _975140 |
|
| 910 | _aValidado. Control de Calidad/ MAA | ||
| 942 |
_2ddc _cLBS1 |
||
| 999 |
_c47013 _d47013 |
||